000 01098nam a22003377a 4500
003 CHAP
005 20220817042234.0
008 971013s1968 it r 00010 spa d
010 _a38378
011 _a39350
035 _a43470
040 _cCHAP
090 _aFolleto 990 v.14/1
110 _aFAO
245 1 _aLista de los estados miembros de la FAO
250 _aed. rev.
260 _aRome :
_bFAO,
_c1968
300 _a47 p.
490 0 _aBoletín de terminología
_v; 14/rev.1
500 _aTrilingüe (Inglés, francés, español)
590 _aBATCH-UPD
_b10
_c20130110
_lUCH01
_h1351
590 _aBATCH-UPD
_b10
_c20130410
_lUCH01
_h0848
590 _aBATCH-UPD
_b10
_c20130914
_lUCH01
_h0652
590 _aCONVERSION
_b10
_c20130109
_lUCH01
_h1321
650 1 4 _aOrganismos internacionales.
_983520
790 1 _aList of FAO member nations, including adjectives of nationality and nemes of capital cities
830 0 _aBoletín de terminología
_v; 14/rev.1
_913539
901 _aBK
942 _cFOLL
949 _aFolleto 990
_bBC
_cFAO
_d-99571
_eFAO1
_fv.14/1
_gDonaciØn
_i43470
_si
999 _c38378
_d38378